[Event "Skopje op-B"]
[Site "Skopje"]
[Date "2024.12.16"]
[Round "8"]
[White "Kostadinovski, Zoran"]
[Black "Cvetkovski, Slobodan"]
[Result "0-1"]
[WhiteElo "1895"]
[BlackElo "1753"]
[PlyCount "46"]
[EventDate "2024.12.11"]
[EventType "swiss"]
[EventRounds "9"]
[EventCountry "MKD"]
[SourceTitle "CB52_2024"]
[SourceDate "2024.12.25"]
[SourceVersion "1"]
[SourceVersionDate "2024.12.25"]
[SourceQuality "1"]

1. d4 d5 2. c4 e6 3. Nc3 Nf6 4. Bf4 Bd6 5. Bg3 c6 6. e3 0-0 7. Nf3 Re8 8. Bd3 dxc4 9. Bxc4 b5 10. Bd3 Bb7 11. Qc2 a6 12. Rd1 Qe7 13. 0-0 Nbd7 14. Bxd6 Qxd6 15. e4 e5 16. dxe5 Nxe5 17. Bxb5 Nxf3+ 18. gxf3 Qf4 19. Be2 Re5 20. Qd2 Qh4 21. f4 Ng4 22. h3 Qxh3 23. Qd8+ Re8 0-1

[Event "Skopje op-B"]
[Site "Skopje"]
[Date "2024.12.12"]
[Round "2"]
[White "Cvetkovski, Slobodan"]
[Black "Turkmen, Yusuf Cagan"]
[Result "1/2-1/2"]
[WhiteElo "1753"]
[BlackElo "1958"]
[PlyCount "35"]
[EventDate "2024.12.11"]
[EventType "swiss"]
[EventRounds "9"]
[EventCountry "MKD"]
[SourceTitle "CB52_2024"]
[SourceDate "2024.12.25"]
[SourceVersion "1"]
[SourceVersionDate "2024.12.25"]
[SourceQuality "1"]

1. e4 c5 2. Nf3 Nc6 3. Bb5 Nf6 4. Bxc6 dxc6 5. d3 Bg4 6. b3 Qc7 7. Qe2 Nd7 8. Bb2 e5 9. Nbd2 f6 10. h3 Be6 11. a4 Be7 12. a5 Nf8 13. Nc4 Ng6 14. g3 Qd7 15. h4 h5 16. Qe3 Qc7 17. Bc3 Nf8 18. Nh2 1/2-1/2

[Event "FRM-chT2"]
[Site "Struga"]
[Date "2024.07.07"]
[Round "1.6"]
[White "Cvetkovski, Slobodan"]
[Black "Nikolovski, Mihail"]
[Result "1/2-1/2"]
[WhiteElo "1742"]
[BlackElo "1704"]
[PlyCount "95"]
[EventDate "2024.07.07"]
[EventType "team-tourn"]
[EventRounds "9"]
[EventCountry "MKD"]
[SourceTitle "EXT 2025"]
[Source "ChessBase"]
[SourceDate "2024.10.14"]
[SourceVersion "1"]
[SourceVersionDate "2024.10.14"]
[SourceQuality "1"]

1. e4 c6 2. d4 d5 3. Nc3 dxe4 4. Nxe4 Bf5 5. Ng3 Bg6 6. Nf3 Nf6 7. h4 h6 8. h5 Bh7 9. Bd3 Bxd3 10. Qxd3 e6 11. Be3 Bd6 12. Ne4 Nxe4 13. Qxe4 Nd7 14. 0-0-0 Nf6 15. Qd3 Qa5 16. Kb1 0-0-0 17. Bd2 Qb6 18. Be3 Nd5 19. c3 Kb8 20. Qc4 Rc8 21. Qd3 c5 22. dxc5 Bxc5 23. Bxc5 Rxc5 24. Ka1 Rhc8 25. Ne5 Qc7 26. Qg3 Ka8 27. Nd3 Qxg3 28. fxg3 Ra5 29. Nf4 Kb8 30. Nxd5 Rxd5 31. Rxd5 exd5 32. Rd1 Re8 33. a4 Re5 34. g4 Re4 35. g5 Rxa4+ 36. Kb1 Rg4 37. gxh6 gxh6 38. Rxd5 Rxg2 39. Rf5 Rh2 40. Ka2 f6 41. Kb3 Kc7 42. Kc4 Kd7 43. Rxf6 Rxh5 44. Rf7+ Kc6 45. Rf6+ Kc7 46. Rf7+ Kc6 47. Rf6+ Kd7 48. Rf7+ 1/2-1/2

[Event "FRM-ch op"]
[Site "Skopje"]
[Date "2024.05.18"]
[Round "9"]
[White "Cvetkovski, Slobodan"]
[Black "Stojcheski, Aleksandar"]
[Result "0-1"]
[WhiteElo "1773"]
[BlackElo "1609"]
[PlyCount "46"]
[EventDate "2024.05.11"]
[EventType "swiss"]
[EventRounds "9"]
[EventCountry "MKD"]
[SourceTitle "CBM 220 Extra"]
[Source "ChessBase"]
[SourceDate "2024.07.31"]
[SourceVersion "1"]
[SourceVersionDate "2024.07.31"]
[SourceQuality "1"]

1. e4 e5 2. f4 Bc5 3. Nf3 d6 4. d4 exd4 5. Nxd4 Nf6 6. Nc3 0-0 7. Be3 Re8 8. Bd3 Ng4 9. Bg1 Qh4+ 10. g3 Qh3 11. Bf1 Qh6 12. Be2 Nf6 13. Bf3 Nxe4 14. Nxe4 d5 15. Qd3 dxe4 16. Bxe4 Bxd4 17. Bxd4 Bf5 18. Be5 Bxe4 19. Qxe4 f6 20. Qd5+ Kh8 21. Qf7 Nc6 22. Qxc7 fxe5 23. 0-0 Re7 0-1

[Event "FRM-ch op"]
[Site "Skopje"]
[Date "2024.05.15"]
[Round "6"]
[White "Achkoski, Petar"]
[Black "Cvetkovski, Slobodan"]
[Result "0-1"]
[WhiteElo "1507"]
[BlackElo "1773"]
[PlyCount "38"]
[EventDate "2024.05.11"]
[EventType "swiss"]
[EventRounds "9"]
[EventCountry "MKD"]
[SourceTitle "CBM 220 Extra"]
[Source "ChessBase"]
[SourceDate "2024.07.31"]
[SourceVersion "1"]
[SourceVersionDate "2024.07.31"]
[SourceQuality "1"]

1. d4 Nf6 2. c4 c5 3. d5 g6 4. Nc3 d6 5. e4 Bg7 6. Bd3 0-0 7. Nge2 e6 8. Qb3 exd5 9. exd5 Nbd7 10. Bf4 Qe7 11. Nb5 Ne5 12. Bxe5 dxe5 13. d6 Qd8 14. Nc7 Rb8 15. Na6 Qa5+ 16. Qc3 Qxa6 17. Qxe5 Nd7 18. Qg3 Qa5+ 19. Kf1 Bxb2 0-1

[Event "Skopje op-B"]
[Site "Skopje"]
[Date "2023.12.06"]
[Round "1"]
[White "Cvetkovski, Slobodan"]
[Black "Ognjanovska, Delfina"]
[Result "1-0"]
[WhiteElo "1740"]
[BlackElo "1165"]
[PlyCount "91"]
[EventDate "2023.12.06"]
[EventType "swiss"]
[EventRounds "9"]
[EventCountry "MKD"]
[SourceTitle "CBM 217 Extra"]
[Source "ChessBase"]
[SourceDate "2024.01.31"]
[SourceVersion "1"]
[SourceVersionDate "2024.01.31"]
[SourceQuality "1"]

1. e4 e5 2. Nf3 Nc6 3. Bb5 d6 4. 0-0 Bd7 5. c3 g6 6. d4 exd4 7. cxd4 Bg7 8. Nc3 Nge7 9. Be3 0-0 10. Qd2 Re8 11. Bh6 Bh8 12. a3 Bg4 13. d5 a6 14. Be2 Bxf3 15. Bxf3 Ne5 16. Be2 Nc8 17. f4 Nd7 18. Bg5 Bxc3 19. Qxc3 f6 20. Bh4 Rxe4 21. Bd3 Re3 22. Kf2 Ncb6 23. Qd4 Re8 24. Rfe1 Rxe1 25. Rxe1 Qf8 26. Re6 f5 27. b4 Re8 28. Bc2 Qf7 29. Bb3 Nf8 30. Qe3 Nxd5 31. Rxe8 Nxe3 32. Bxf7+ Kxf7 33. Rxe3 Ne6 34. Rc3 c6 35. Ke3 Nc7 36. Rb3 Nd5+ 37. Kf3 Nc7 38. Bf2 d5 39. Bc5 Ne8 40. Re3 Nf6 41. Re7+ Kg8 42. Rxb7 Ne4 43. Rb6 Nd2+ 44. Ke2 Nc4 45. Rxa6 Kf7 46. a4 1-0

[Event "Skopje Karposh CC-ch"]
[Site "Skopje"]
[Date "2023.07.17"]
[Round "3"]
[White "Cvetkovski, Slobodan"]
[Black "Nikolovski, David"]
[Result "0-1"]
[WhiteElo "1753"]
[BlackElo "1845"]
[PlyCount "68"]
[EventDate "2023.07.16"]
[EventType "tourn"]
[EventRounds "11"]
[EventCountry "MKD"]
[SourceTitle "CBM 215 Extra"]
[Source "ChessBase"]
[SourceDate "2023.09.30"]
[SourceVersion "1"]
[SourceVersionDate "2023.09.30"]
[SourceQuality "1"]

1. e4 c5 2. Nf3 d6 3. d4 cxd4 4. Nxd4 Nf6 5. Nc3 a6 6. Bc4 e6 7. f3 Be7 8. Be3 b5 9. Bb3 0-0 10. Qd2 Bd7 11. 0-0-0 Nc6 12. g4 Nxd4 13. Bxd4 a5 14. a4 bxa4 15. Bxa4 Bxa4 16. Nxa4 Rb8 17. b3 e5 18. Be3 Qc7 19. Kb2 d5 20. exd5 Rfd8 21. Qc3 Qb7 22. Bb6 Nxd5 23. Qxa5 Nxb6 24. Nxb6 Qxb6 25. Qxb6 Rxb6 26. Rxd8+ Bxd8 27. Ra1 Rb8 28. c4 Bf6 29. Rf1 e4+ 30. Kc2 e3 31. Rb1 Rd8 32. Re1 Rd2+ 33. Kc1 Bb2+ 34. Kb1 e2 0-1

[Event "Skopje Karposh CC-ch"]
[Site "Skopje"]
[Date "2023.07.16"]
[Round "1"]
[White "Cvetkovski, Slobodan"]
[Black "Glavinac, Darijan"]
[Result "1-0"]
[WhiteElo "1753"]
[BlackElo "1211"]
[PlyCount "67"]
[EventDate "2023.07.16"]
[EventType "tourn"]
[EventRounds "11"]
[EventCountry "MKD"]
[SourceTitle "CBM 215 Extra"]
[Source "ChessBase"]
[SourceDate "2023.09.30"]
[SourceVersion "1"]
[SourceVersionDate "2023.09.30"]
[SourceQuality "1"]

1. e4 c5 2. Nf3 e6 3. c3 Nf6 4. e5 Nd5 5. Bc4 Nb6 6. Bb3 Nc6 7. d4 cxd4 8. cxd4 d5 9. 0-0 Be7 10. a3 0-0 11. Nc3 a6 12. Bc2 Re8 13. Qd3 g6 14. Bh6 Bf8 15. Bxf8 Rxf8 16. h4 Ne7 17. Qe3 Kg7 18. g4 Nc4 19. Qc1 f5 20. g5 Qc7 21. Ne2 Bd7 22. b3 Nb6 23. Qd2 Rac8 24. Bd3 Bb5 25. Bxb5 axb5 26. Rfc1 Qd7 27. Nf4 Nc6 28. h5 gxh5 29. Nxh5+ Kh8 30. Nf6 Qf7 31. Kg2 Nd7 32. Rh1 Nxf6 33. exf6 Qg6 34. Rh6 1-0

[Event "Skopje-ch Seniors"]
[Site "Skopje"]
[Date "2022.10.09"]
[Round "5"]
[White "Cvetkovski, Slobodan"]
[Black "Atanasovski, Blazhe"]
[Result "1-0"]
[WhiteElo "1714"]
[BlackElo "1752"]
[PlyCount "135"]
[EventDate "2022.10.07"]
[EventType "swiss"]
[EventRounds "7"]
[EventCountry "MKD"]
[SourceTitle "EXT 2024"]
[Source "ChessBase"]
[SourceDate "2023.10.10"]
[SourceVersion "1"]
[SourceVersionDate "2023.10.10"]
[SourceQuality "1"]

1. e4 e5 2. Nf3 Nf6 3. Nxe5 d6 4. Nf3 Nxe4 5. d4 d5 6. Bd3 Bd6 7. 0-0 0-0 8. c4 c6 9. c5 Bc7 10. Nc3 Nf6 11. Bg5 Bg4 12. h3 Bh5 13. Re1 Nbd7 14. g4 Bg6 15. Ne5 Bxd3 16. Nxd7 Qxd7 17. Qxd3 Rfe8 18. Qf3 Re6 19. Rxe6 Qxe6 20. Bxf6 Qxf6 21. Qxf6 gxf6 22. Re1 Kf8 23. Re2 Re8 24. Rxe8+ Kxe8 25. Ne2 Ke7 26. f4 h6 27. Kg2 a5 28. Kf3 b6 29. Ng3 bxc5 30. dxc5 Bb8 31. Nf5+ Ke6 32. Nd4+ Kd7 33. a4 Ba7 34. Nb3 Kc7 35. Ke3 Kd7 36. Kd4 Bb8 37. Nxa5 Bxf4 38. Kd3 Bg3 39. Nb3 Be5 40. Nd4 Bg3 41. b4 Be1 42. b5 Bb4 43. Nxc6 Bxc5 44. Nd4 Kc7 45. Nb3 Bf2 46. a5 Kb7 47. Nd4 Be1 48. Nc6 Kc7 49. a6 Bf2 50. a7 Kb7 51. Ne7 Kxa7 52. Nxd5 f5 53. gxf5 Kb7 54. Ke4 Bg3 55. Kf3 Bh4 56. Kg4 Bg5 57. Kh5 Kc8 58. h4 Bd2 59. Ne7+ Kd7 60. Ng8 Be3 61. Nxh6 Ke7 62. Ng8+ Kf8 63. Nf6 Kg7 64. Nd5 Ba7 65. b6 Bb8 66. Nc7 Kf6 67. Kg4 Ke5 68. Na6 1-0

[Event "FRM-ch op"]
[Site "Skopje"]
[Date "2022.04.29"]
[Round "1"]
[White "Jordanov, Mihail"]
[Black "Cvetkovski, Slobodan"]
[Result "1/2-1/2"]
[WhiteElo "2219"]
[BlackElo "1693"]
[PlyCount "173"]
[EventDate "2022.04.29"]
[EventType "swiss"]
[EventRounds "9"]
[EventCountry "MKD"]
[SourceTitle "CBM 208 Extra"]
[Source "ChessBase"]
[SourceDate "2022.07.31"]
[SourceVersion "1"]
[SourceVersionDate "2022.07.31"]
[SourceQuality "1"]

1. e4 e6 2. d4 d5 3. Nd2 dxe4 4. Nxe4 Bd7 5. Nf3 Bc6 6. Bd3 Nd7 7. c3 Ngf6 8. Bg5 Be7 9. Nxf6+ Bxf6 10. Bxf6 Qxf6 11. Qe2 Bxf3 12. gxf3 c6 13. 0-0-0 0-0-0 14. Be4 Qf4+ 15. Kb1 Nf6 16. a4 Nd5 17. c4 Nc7 18. Qe3 Qxe3 19. fxe3 f5 20. Bc2 a5 21. h4 g6 22. h5 Na6 23. Rdg1 Nb4 24. b3 Nxc2 25. Kxc2 gxh5 26. Rxh5 Rd7 27. Rh6 Re7 28. Rg5 Rf8 29. Kd3 Kc7 30. e4 fxe4+ 31. Kxe4 b6 32. f4 Ref7 33. Rg4 Kd7 34. Rgh4 Rh8 35. Ke5 Rf5+ 36. Ke4 Rf7 37. R4h5 Rg7 38. Ke5 Re7 39. Rh3 b5 40. cxb5 cxb5 41. axb5 Rb8 42. Rxh7 Rxb5+ 43. Ke4 Rxh7 44. Rxh7+ Kd6 45. Rh3 Kc6 46. Rc3+ Kd6 47. Re3 Kd7 48. Kf3 Rb4 49. Rd3 Kd6 50. Ke4 a4 51. bxa4 Rxa4 52. Rb3 Ra5 53. Rb6+ Ke7 54. Rc6 Rb5 55. Rc7+ Kd6 56. Rg7 Rb1 57. Rg5 Re1+ 58. Kd3 Rd1+ 59. Kc3 Rf1 60. Rg4 Kd5 61. Rg5+ Kd6 62. Rg4 Kd5 63. Kd3 Rf3+ 64. Ke2 Ra3 65. Rg6 Rb3 66. Rh6 Ra3 67. Rg6 Rb3 68. Kf2 Rd3 69. Rg5+ Kd6 70. Rg6 Rxd4 71. Ke3 Rd5 72. Rg7 Ra5 73. Kf3 Ra1 74. Rg6 Rf1+ 75. Ke3 Kd5 76. Rg8 Re1+ 77. Kf2 Ra1 78. Ke3 Ra3+ 79. Kf2 Ke4 80. Re8 Ra2+ 81. Kg3 Kf5 82. Rf8+ Kg6 83. Kf3 Ra4 84. Kg3 Kg7 85. Rb8 Rc4 86. Kg4 e5 87. Rb7+ 1/2-1/2

[Event "Karposh CC-ch"]
[Site "Skopje"]
[Date "2021.07.02"]
[Round "8"]
[White "Dimkovski, Stojancho"]
[Black "Cvetkovski, Slobodan"]
[Result "1-0"]
[WhiteElo "1934"]
[BlackElo "1677"]
[PlyCount "53"]
[EventDate "2021.06.28"]
[EventType "tourn"]
[EventRounds "11"]
[EventCountry "MKD"]
[SourceTitle "EXT 2022"]
[Source "ChessBase"]
[SourceDate "2021.10.06"]
[SourceVersion "1"]
[SourceVersionDate "2021.10.06"]
[SourceQuality "1"]

1. c4 Nf6 2. Nc3 e6 3. d4 d5 4. cxd5 exd5 5. Bg5 Be7 6. e3 0-0 7. Bd3 c6 8. Qc2 Nbd7 9. Nf3 Re8 10. 0-0 Ne4 11. Bxe4 dxe4 12. Nxe4 f5 13. Nd6 Rf8 14. Qc4+ Kh8 15. Nf7+ Rxf7 16. Qxf7 Bxg5 17. Nxg5 Nf8 18. Qh5 g6 19. Qh6 Qf6 20. Nf3 Nd7 21. Ne5 Nb6 22. Nf3 Nd5 23. Qg5 Qd6 24. a3 Kg7 25. Ne5 Be6 26. h4 h6 27. Qxg6+ 1-0

[Event "Karposh CC-ch"]
[Site "Skopje"]
[Date "2021.06.28"]
[Round "1"]
[White "Glavinac, Goran"]
[Black "Cvetkovski, Slobodan"]
[Result "1-0"]
[WhiteElo "2114"]
[BlackElo "1677"]
[PlyCount "59"]
[EventDate "2021.06.28"]
[EventType "tourn"]
[EventRounds "11"]
[EventCountry "MKD"]
[SourceTitle "EXT 2022"]
[Source "ChessBase"]
[SourceDate "2021.10.06"]
[SourceVersion "1"]
[SourceVersionDate "2021.10.06"]
[SourceQuality "1"]

1. d4 d5 2. c4 e6 3. Nc3 Nf6 4. cxd5 exd5 5. Bg5 c6 6. e3 Be7 7. Bd3 0-0 8. Qc2 Nbd7 9. Nf3 Re8 10. 0-0 Ne4 11. Bxe4 Bxg5 12. Bxh7+ Kf8 13. Bf5 g6 14. Bh3 Bh6 15. b4 a6 16. Na4 Nf6 17. Bxc8 Rxc8 18. Ne5 Qd6 19. Qb2 Kg7 20. Rab1 Rh8 21. f4 g5 22. Qc2 g4 23. Qf5 Rcg8 24. g3 Qe7 25. Rfe1 Kf8 26. Re2 Rg7 27. Qc8+ Ne8 28. b5 f6 29. Nxg4 Kf7 30. bxc6 1-0

[Event "Skopje op"]
[Site "Skopje"]
[Date "2019.12.09"]
[Round "5"]
[White "Ilic, Ljubomir"]
[Black "Cvetkovski, Slobodan"]
[Result "1-0"]
[WhiteElo "2079"]
[BlackElo "1688"]
[PlyCount "95"]
[EventDate "2019.12.06"]
[EventType "swiss"]
[EventRounds "9"]
[EventCountry "MKD"]
[SourceTitle "CBM 193 Extra"]
[Source "ChessBase"]
[SourceDate "2020.01.31"]
[SourceVersion "1"]
[SourceVersionDate "2020.01.31"]
[SourceQuality "1"]

1. e4 e6 2. d3 d5 3. Nd2 c5 4. Ngf3 Nc6 5. g3 Nf6 6. Bg2 Bd6 7. 0-0 d4 8. Nc4 e5 9. Nh4 0-0 10. f4 exf4 11. gxf4 Bg4 12. Qe1 Be7 13. Nf3 Bxf3 14. Bxf3 Rc8 15. Kh1 b5 16. Ne5 Nxe5 17. fxe5 Nd7 18. Bg4 Rc6 19. Bf4 Bh4 20. Qe2 Qe7 21. Bxd7 Qxd7 22. Qh5 Bd8 23. Rf2 Qe7 24. Raf1 Rg6 25. Bd2 Qe6 26. Rf5 a5 27. b3 b4 28. Qf3 Bc7 29. Bf4 Bd8 30. Bd2 Bc7 31. Bf4 Bd8 32. Bg3 Bg5 33. h4 Be3 34. Bh2 f6 35. h5 Rh6 36. Qg2 Qe7 37. exf6 Rhxf6 38. Qg4 Rxf5 39. Rxf5 Rxf5 40. Qxf5 h6 41. Kg2 Kh8 42. Bg3 Bg5 43. Kf3 Qe8 44. Kg4 Qe7 45. e5 Kg8 46. e6 Bf6 47. Qd5 Qf8 48. e7+ 1-0